000 01929nam0a2200421 4500
001 RU\NLR\BIBL_A\011504853
005 20260406092409.0
010 _a978-5-91103-224-1
035 _a(NILC)LIBNET\0000518609
035 _a(NLR Aleph) 011504853
090 _a12014326
_c12014326
100 _a20171023d2015 |||y0rusy50 ca
101 0 _arus
_aeng
102 _aRU
105 _aa|||z|||000zy
200 1 _aВасилий Кандинский
_dWassily Kandinsky
_fБорис Гройс
_zeng
210 _aМосква
_cАд Маргинем Пресс [и др.]
_d2015
215 _a51 с.
_cцв. ил.
_d15
225 1 _aСерия Имена
225 1 _aNames project
300 _aНа 5-й с. загл.: Василий Кандинский как учитель
300 _aАвтор также на английском языке: Boris Groys
300 _aТекст параллельный русский, английский
320 _aБиблиогр.: с. 16
510 1 _6z02790
_aWassily Kandincky
_zeng
517 1 _aВасилий Кандинский как учитель
600 1 _aКандинский
_bВ. В.
_f1866 - 1944
_gВасилий Васильевич
_9895790
_3RU\NLR\AUTH\66324832
686 _a85.103(2=411.2)6-8Кандинский В.В.
_vLBC/M
_2rubbk
686 1 _aЩ143(2Р=Рус)53-8Кандинский
700 1 _7ca
_8rus
_aГройс
_bБ. Е.
_f1947-
_gБорис Ефимович
_9175617
_3RU\NLR\AUTH\770175668
702 1 _4570
_7ca
_8rus
_aКандинский
_bВ. В.
_f1866-1944
_gВасилий Васильевич
_946142
_3RU\NLR\AUTH\77046145
790 1 _7ba
_8rus
_aGrojs
_bB. E.
_f1947-
_gBoris Efimovič
_9186331
_3RU\NLR\AUTH\770186382
801 0 _aRU
_bГУНБ Красноярского края
_c20150206
_grcr
942 _cBOOK
980 _aNBR
980 _aNB